| 000 | 00470nam a2200193Ia 4500 | ||
|---|---|---|---|
| 005 | 20240823040801.0 | ||
| 008 | 240823s9999||||xx |||||||||||||| ||und|| | ||
| 020 | _a978-93-81141-19-9 | ||
| 041 | _aENGLISH | ||
| 082 | _A574.5222 Q1 | ||
| 100 | _aSubramanian V | ||
| 245 | 2 | _aA Textbook of Environmental Chemistry | |
| 250 | _a1st | ||
| 260 |
_c2011 _bI K International Pub. |
||
| 500 | _aYES | ||
| 650 |
_aChemistry _bChemistry |
||
| 942 | _cBK | ||
| 999 |
_c203941 _d203941 |
||